Регионална библиотека "Любен Каравелов" - Русе

Зима (Запис номер 490401)

MARC детайли
000 -Лидер
Контролно поле с фиксирана дължина 01354nam a2200313 a 4500
003 - Код на организацията, давaща контролен номер
Контролно поле BLK
005 - Дата и час на последна редакция
Контролно поле 20250514173213.0
008 - Елементи от данни с фиксирана дължина
fixed length control field 230331b bu |||||||||| 00| | bu d
020 ## - Международен стандартен номер на книга ISBN
Международен стандартен номер на книга ISBN 9786197688122
040 ## - Източник на каталожния запис
Идентификатор на билиотеката - собственик на записа BLK
041 ## - Код за език
Код за езика на текст/звукозапис или на отделно заглавие Български
Код за езика КДБФ Български
080 ## - УДК
Текстов определител УДК Българска литература
УДК код - определител по УДК 821.163.2
УДК определител -93-34
УДК - код + определител 821.163.2-93-34
080 ## - УДК
Текстов определител УДК Издания за деца и юноши. Книжки-картинки. Читанки. Вж и 372.4
УДК код - определител по УДК 087.5
УДК - код + определител 087.5
100 ## - Редна дума - Автор
R(LIN) 1299
Автор Мишева, Мирела
Авторска отговорност първи автор
139 ## - Редно поле
Редна дума Мишева, Мирела
Авторски знак Михо - М 76
245 ## - Сведения за заглавието
Заглавие Зима
Редно поле (дума) Мирела, Мишева ; ил. Лидия Коцева
260 ## - Област на издателските данни
9 (RLIN) 391895
Място на издаване, разпространение и проч. София
Име на издателя, разпространителя и проч. Българска история
Година на издаване 2023
Информация за издателството Бълг. история - търг. марка на изд. БИ 93
300 ## - Физическа характеристика
Страници 20 с.
Илюстрации и др. с цв. ил.
Размери/Мащаб 20х20 см
380 ## - Жанр
Жанр Детска худож. лит.
490 ## - СЕРИИ (Колекции)
9 (RLIN) 487134
Име на серия Приключенията на историчко
650 #0 - Допълнително описание по предмет – тема
9 (RLIN) 291229
Основно описание – тема или топоним Литература, детска и юношеска
653 #7 - Ключова дума – ненормативна
9 (RLIN) 184826
Ключова дума детска литература
700 ## - Други автори (авторска отговорност)
9 (RLIN) 599
Лично име Коцева, Лидия
Автороска отговорност (Описва отношението между автора и произведението) ил.
852 ## - Местоположение
Фондова буква Детски отдел
Систематично-азбучна сигнатура 821.163.2-93/М 76 М
856 ## - Електронен адрес и достъп
Инструкция (цена за достъп) 0.00
Права за достъп disable
942 ## - АРТИКУЛИ
Вид на библиотечния материал Книги
Скрит в OPAC Не
Периодичен библиозапис Да
Koha issues (borrowed), all copies 22
944 ## - СЪЗДАВАНЕ И РЕДАКЦИЯ на ЗАПИСА
Създаване/Редакция Създаване
Дата на регистрацията/редакция 2023-03-31
Служител, извършил регистрацията/редакцията 30543
Статус, дата на статуса Ива Цветкова
944 ## - СЪЗДАВАНЕ И РЕДАКЦИЯ на ЗАПИСА
Създаване/Редакция Редакция
Дата на регистрацията/редакция 2025-01-17
Служител, извършил регистрацията/редакцията М.Я.
999 ## - СИСТЕМНИ КОНТРОЛНИ НОМЕРА
Koha biblionumber 490401
Koha biblioitemnumber 490401
Наличности
Код за отписване Код за изгубен артикул Източник на класификационната схема Код за повреда Коз за рестрикции Код за отдаване Артикулен № Име на библиотеката - собственик Име на библиотеката, в която се намира в момента Статус (Текущо местоположение) Дата на вписване в системата Местоположение - отдел Цена в лева Инвентарен номер Систематично азбучна сигнатура Баркод Цена в евро Служебен тип на артикула
  Не е изгубен Universal Decimal Classification Не е повреден без рестрикции заемане за дома 926450 Регионална библиотека "Любен Каравелов" Русе Регионална библиотека "Любен Каравелов" Русе Детски отдел 2023-04-03 Детски отдел 11.25 120000885784 821.163.2-93/М 76 М 120000885784 5.75 Книги
  Не е изгубен Universal Decimal Classification Не е повреден без рестрикции заемане за дома 926451 Регионална библиотека "Любен Каравелов" Русе Регионална библиотека "Любен Каравелов" Русе Детски отдел 2023-04-03 Детски отдел 11.25 120000885783 821.163.2-93/М 76 М 120000885783 5.75 Книги
  Не е изгубен Universal Decimal Classification Не е повреден само за читалня ползва се в читалня 928732 Регионална библиотека "Любен Каравелов" Русе Регионална библиотека "Любен Каравелов" Русе Хранилище 2023-05-16 Хранилище 15.00 120000887865 Цб 317993 120000887865 7.67 Книги
  Не е изгубен Universal Decimal Classification Не е повреден   заемане за дома 959521 Регионална библиотека "Любен Каравелов" Русе Регионална библиотека "Любен Каравелов" Русе Детски отдел 2025-01-29 Детски отдел 11.25 120000917199 821.163.2-93/М 76 М 120000917199 5.75 Книги
Vip Innovations Ltd, Rousse, Bulgaria 2025